Konkurencieschopnosť - daňová a odvodová politika štátu

Hodnotenie konkurencieschopnosti Slovenska. Vývoj pozície SR v rebríčku konkurencieschopnosti Svetového ekonomického fóra. Zmeny odvodového a daňového zaťaženia. Konkurenčné výhody a nevýhody slovenskej ekonomiky.

Na minha lista:
Detalhes bibliográficos
Autor principal: Kufelová, Iveta, 1970-
Outros Autores: Grisáková, Nora, 1978-
Formato: Capítulo de Livro
Idioma:eslovaco
Assuntos:
Tags: Adicionar Tag
Sem tags, seja o primeiro a adicionar uma tag!

MARC

LEADER 00000nla a2200000 4500
001 0180596
005 20240603075224.9
041 0 |a slo 
044 |a SK 
245 1 0 |a Konkurencieschopnosť - daňová a odvodová politika štátu  |c Iveta Kufelová, Nora Grisáková 
520 |a Hodnotenie konkurencieschopnosti Slovenska. Vývoj pozície SR v rebríčku konkurencieschopnosti Svetového ekonomického fóra. Zmeny odvodového a daňového zaťaženia. Konkurenčné výhody a nevýhody slovenskej ekonomiky. 
610 2 0 |a konkurencieschopnosť 
610 2 0 |a konkurencia 
610 2 0 |a výhody konkurenčné 
610 2 0 |a politika daňová 
610 2 0 |a odvody 
610 2 0 |a Slovensko 
100 1 |a Kufelová, Iveta, 1970- 
700 1 |a Grisáková, Nora, 1978-